Statistics for Guess the Random Avatar: The Last Airbender Character

Click here to take the quiz!

General Stats

  • This quiz has been taken 35 times
  • The average score is 11 of 20

Answer Stats

HintAnswer% Correct
tried to kill the moonzhao
96%
ozai's fatherazulon
88%
member of the freedom fightersjet | longshot | smellerbee | the duke | pipsqueak | sneers
80%
flies in wheelchairteo
76%
azula's elderly twin advisorslo | li
72%
aang's old friends from the fire nation whose identity he stealskuzon
68%
hakoda's bestie who taught sokka how to ice dodgebato
64%
air nomad avatar before aangyangchen
64%
beloved and beautiful spirit of river townpainted lady
60%
dragons that taught aang and zukoran | shaw
60%
mai's baby brothertomtom
60%
june's shirshunyla
48%
yue's fiancehahn
40%
prisoner that tried to escape Boiling Rock in a coolerchit sang
36%
forced aang into the avatar stategeneral fong
36%
killed sokka and katara's momyon rha
36%
wife of secret tunnel guylily
24%
leader of the rough rhinoscolonel mongke
16%
grangran's old friend from the northern water tribeyagoda
16%
dirty air nomad from aang's childhoodjinju
12%

Score Distribution

Percentile by Number Answered

Percent of People with Each Score

Your Score History

You have not taken this quiz